000 00846nab a2200253 u 4500
001 20006
003 HDC
007 cr bn ---aaaaa
008 210303c20091122xx dr|noo 0 a eng d
040 _aHDC
245 0 _aSomerset Couple Launch First Organic Halal Meat Business for Muslims
260 _a[No place] :
_b[publisher not identified],
_c2009
300 _a1 online resource
336 _atext
_2rdacontent
337 _acomputer
_2rdamedia
338 _aonline resource
_2rdacarrier
650 _aHalal Meat Business
_918220
650 _aorganic halal meat
_918221
710 _aHalal Focus
856 _zRequest full-text at [email protected]
942 _2lcc
942 _cNEWS
942 _kNWSO 006284
999 _c17322
_d17322